Himalayan Gateway : (Record no. 5030)

MARC details
000 -LEADER
fixed length control field 00534cam a2200181ua 4500
001 - CONTROL NUMBER
control field 5881
005 - DATE AND TIME OF LATEST TRANSACTION
control field 20260515113940.0
008 - FIXED-LENGTH DATA ELEMENTS--GENERAL INFORMATION
fixed length control field 131028n ii |||gr||||Z||||||eng
040 ## - CATALOGING SOURCE
Transcribing agency MAIN
082 ## - DEWEY DECIMAL CLASSIFICATION NUMBER
Classification number 954.167
245 ## - TITLE STATEMENT
Title Himalayan Gateway :
Remainder of title History and Culture of Sikkim /
Statement of responsibility, etc. By George Kotturan .
260 ## - PUBLICATION, DISTRIBUTION, ETC.
Place of publication, distribution, etc. New Delhi:
Name of publisher, distributor, etc. Sterling Publisher Pvt. Ltd.,
Date of publication, distribution, etc. 1983.
Place of publication, distribution, etc. Jalandhar:
-- Bangalore:
300 ## - PHYSICAL DESCRIPTION
Extent x,167p.
653 ## - INDEX TERM--UNCONTROLLED
Uncontrolled term History
653 ## - INDEX TERM--UNCONTROLLED
Uncontrolled term History and culture of Sikkim
700 ## - ADDED ENTRY--PERSONAL NAME
Personal name Kotturan,George,
Relator term Author.
942 ## - ADDED ENTRY ELEMENTS (KOHA)
Koha item type Books
Holdings
Withdrawn status Lost status Damaged status Not for loan Home library Current library Shelving location Date acquired Total checkouts Full call number Barcode Date last seen Copy number Price effective from Koha item type
        Naharkatiya College Library Naharkatiya College Library General stacks 09/19/2020   954.167 | KOT 3701 09/19/2020 1 09/19/2020 Books